=LDR 00000nam 2200000 4500 =001 INLIS000000000048419 =005 20161031114700.0 =006 =007 =008 =020 ##$$a 978-979-29-4386-3 =035 ##$$0010-101600000000177 =082 ##$$2 22 $a 641.5 =090 ##$$a 641.5 $b Sug v =100 ##$$a Sugi Hartati =245 ##$$a Variasi lauk kremes $c Sugi Hartati =260 ##$$a Yogyakarta $b Andi $c 2014 =300 ##$$a 86 hlm. $b ilus $c 19 cm =650 ##$$a Masakan - Resep